Economies after colonialism : Ghana and the struggle for power (Record no. 420)

MARC details
000 -LEADER
fixed length control field 00499nam a2200169Ia 4500
008 - FIXED-LENGTH DATA ELEMENTS--GENERAL INFORMATION
fixed length control field 240428s9999||||xx |||||||||||||| ||und||
020 ## - INTERNATIONAL STANDARD BOOK NUMBER
International Standard Book Number 9781108426145
041 ## - LANGUAGE CODE
Language code of text/sound track or separate title eng
082 ## - DEWEY DECIMAL CLASSIFICATION NUMBER
Classification number 330.9667W
100 ## - MAIN ENTRY--PERSONAL NAME
Personal name Whitfield, Lindsay
245 #0 - TITLE STATEMENT
Title Economies after colonialism : Ghana and the struggle for power
260 ## - PUBLICATION, DISTRIBUTION, ETC.
Name of publisher, distributor, etc. Cambridge University Press
Place of publication, distribution, etc. New York, NY
Date of publication, distribution, etc. 2018
300 ## - PHYSICAL DESCRIPTION
Extent xv,364p.: diags, maps, tabs.:
650 ## - SUBJECT ADDED ENTRY--TOPICAL TERM
Topical term or geographic name entry element Ghana- Commerce - Economic policy- Ghana
942 ## - ADDED ENTRY ELEMENTS (KOHA)
Koha item type Books
Holdings
Withdrawn status Lost status Damaged status Not for loan Home library Current library Shelving location Date acquired Total checkouts Full call number Date last seen Copy number Price effective from Koha item type
        Main Library Main Library Open Shelves 29/11/2021   330.9667W 1093 C2 - 330.9667W 1092 C1 29/04/2024 1 29/04/2024 Books
        Main Library Main Library Open Shelves 27/01/2022   330.9667W 1092 C2 - 330.9667W 1093 C1 29/04/2024 1 29/04/2024 Books
©2026  Parliament of Ghana Library - All rights reserved